Aksharakanthi/ (Record no. 1600)

000 -LEADER
fixed length control field 00434nam a22001571a 4500
020 ## - INTERNATIONAL STANDARD BOOK NUMBER
International Standard Book Number 9788124009457
082 ## - DEWEY DECIMAL CLASSIFICATION NUMBER
Classification number M300 7
Item number UNN/A
100 ## - MAIN ENTRY--PERSONAL NAME
Personal name Unnikrishnan A M
9 (RLIN) 141911
245 ## - TITLE STATEMENT
Title Aksharakanthi/
Statement of responsibility, etc. by Unnikrishnan A M
260 ## - PUBLICATION, DISTRIBUTION, ETC.
Place of publication, distribution, etc. Thiruvananthapuram:
Name of publisher, distributor, etc. A M Unnikrishnan,
Date of publication, distribution, etc. 2000.
300 ## - PHYSICAL DESCRIPTION
Extent 59p.
650 ## - SUBJECT ADDED ENTRY--TOPICAL TERM
Topical term or geographic name entry element Novel Malayalam Study
9 (RLIN) 141912
650 ## - SUBJECT ADDED ENTRY--TOPICAL TERM
Topical term or geographic name entry element Literature Malayalam
9 (RLIN) 141913
650 ## - SUBJECT ADDED ENTRY--TOPICAL TERM
Topical term or geographic name entry element Literature
9 (RLIN) 141914
942 ## - ADDED ENTRY ELEMENTS (KOHA)
Koha item type Book
Holdings
Withdrawn status Lost status Damaged status Not for loan Permanent Location Current Location Date acquired Cost, normal purchase price Total Checkouts Full call number Barcode Date last seen Cost, replacement price Price effective from Koha item type
        Sree Sankaracharya University of Sanskrit Sree Sankaracharya University of Sanskrit 08.01.2015 40.00   M300 7 UNN/A 031735 08.01.2015 0.00 08.01.2015 Book
        Sree Sankaracharya University of Sanskrit Sree Sankaracharya University of Sanskrit 08.01.2015 40.00   M300 7 UNN/A 031736 08.01.2015 0.00 08.01.2015 Book
        Sree Sankaracharya University of Sanskrit Sree Sankaracharya University of Sanskrit 08.01.2015 40.00   M300 7 UNN/A 042981 27.03.2015 0.00 08.01.2015 Book